|
|
|
|
| LEADER |
01164nam a2200313 u 4500 |
| 001 |
10017650 |
| 003 |
upatras |
| 005 |
20210117205117.0 |
| 008 |
980310s1997 uk eng |
| 020 |
|
|
|a 0471972851
|
| 040 |
|
|
|a GR-PaULI
|c GR-PaULI
|
| 041 |
0 |
|
|a eng
|
| 082 |
0 |
4 |
|a 539.72
|
| 100 |
1 |
|
|a Martin, B. R.
|9 140027
|
| 245 |
1 |
0 |
|a Particle physics
|c B. R. Martin, G. Shaw
|
| 250 |
|
|
|a 2nd edition
|
| 260 |
|
|
|a Chichester
|b John Wiley & Sons
|c 1997
|
| 300 |
|
|
|a xvi, 366 p.
|b fig., tab.
|c 24 cm.
|
| 490 |
0 |
|
|a The Manchester physics series
|
| 504 |
|
|
|a Includes appendices, references and index
|
| 650 |
|
4 |
|a Πυρηνική φυσική
|9 78
|
| 650 |
|
4 |
|a Σωματίδια (Πυρηνική φυσική)
|9 1007
|
| 700 |
1 |
|
|a Shaw, G.
|d 1942-
|q ((Graham))
|9 127373
|
| 760 |
1 |
|
|a The Manchester physics series
|
| 852 |
|
|
|a GR-PaULI
|b ΠΑΤΡΑ
|b ΦΥΣΙΚΟ
|k ΑΕΧ-1
|h 539.72 MAR
|m 33950
|p 025000020159
|t 1
|
| 942 |
|
|
|2 ddc
|c BK15
|
| 952 |
|
|
|0 0
|1 0
|4 0
|6 539_720000000000000_MAR
|7 0
|9 169109
|a PHYS
|b PHYS
|d 2016-04-24
|i 33950
|l 0
|o 539.72 MAR
|p 025000020159
|r 2016-04-24 00:00:00
|t 1
|w 2016-04-24
|y BK15
|
| 998 |
|
|
|c ΔΡΑΚΟΠΟΥΛΟΥ
|d 1999-09
|
| 999 |
|
|
|c 105767
|d 105767
|